000 01080nam0a22002531 4500
001 rc\877206
005 20260407131445.0
035 _a(NLR Aleph) 006055153
090 _a4848719
_c4848719
100 _a20041129d1983 |||y0rusy50 ca
101 0 _arus
102 _aRU
105 _ay |||||||||
200 1 _aЭкономика и организация производства в судостроении
_eСб. науч. тр.
_fНиколаев. кораблестроит. ин-т им. С.О. Макарова
_g[Редкол.: М.Н. Александров (отв. ред.) и др.]
210 _aНиколаев
_cНКИ
_d1983
215 _a89 с.
_d25
320 _aБиблиогр.: с. 56 (9 назв.)
702 1 _aАлександров
_bМ.Н.
_gМихаил Николаевич
_4340
712 0 2 _aНиколаевский кораблестроительный институт им. С. О. Макарова
_3RU\NLR\AUTH\889985068
_9465748
801 0 _aRU
_bNLR
_gpsbo
801 1 _aRU
_bELAR
_2rusmarc
852 _aNLR
_j84-7/148
942 _cBOOK
980 _aNB